Zmeny v zdaňovaní športu od 1. januára 2026 (II.)
Článok pokračuje vysvetlením zmien, ku ktorým dochádza na základe novelizácie zákona č. 440/2015 Z. z. o športe v z. n. p. Aké sú podmienky pre uplatnenie zvýhodnených daňových odpisov a superodpočtu?
Guardado en:
| Autor principal: | |
|---|---|
| Formato: | Capítulo de libro |
| Lenguaje: | eslovaco |
| Materias: | |
| Etiquetas: |
Sin Etiquetas, Sea el primero en etiquetar este registro!
|
MARC
| LEADER | 00000naa a2200000 4500 | ||
|---|---|---|---|
| 001 | 0312738 | ||
| 005 | 20251013080521.2 | ||
| 041 | 0 | |a slo | |
| 044 | |a SK | ||
| 245 | 1 | 0 | |a Zmeny v zdaňovaní športu od 1. januára 2026 (II.) |c Miroslava Brnová |
| 520 | |a Článok pokračuje vysvetlením zmien, ku ktorým dochádza na základe novelizácie zákona č. 440/2015 Z. z. o športe v z. n. p. Aké sú podmienky pre uplatnenie zvýhodnených daňových odpisov a superodpočtu? | ||
| 610 | 2 | 0 | |a šport |
| 610 | 2 | 0 | |a zdaňovanie |
| 610 | 2 | 0 | |a dane z príjmov |
| 610 | 2 | 0 | |a odpisy daňové |
| 610 | 2 | 0 | |a zákony |
| 610 | 2 | 0 | |a novelizácia |
| 100 | 1 | |a Brnová, Miroslava | |